Expressions of Zero - Sudden Death - Statistics

General Stats
  • This quiz has been taken 299 times
  • The average score is 4 of 8
Answers on the Grid
Answers color-coded by a green-red scale on the quiz's grid according to % correct below.
0
1
Zero
2 ÷ 2
4 - 3 - 2 - 1
8 - 2 * 4
8 to the power of 0
0
7 + 7 / 7 - 7
5 + 3 / 8 - 1
# of even primes
1 - 1
Two divided by two minus two
0
eroZ backwards
# of electrons in a hydrogen ion
|1 - 3| + |3 - 1|
# of endpoints of a line
# of photosynthetic animals
0 factorial
 
Answer Stats
Answer % Correct
0
99%
Zero
89%
0
78%
0
61%
1 - 1
46%
8 - 2 * 4
37%
# of electrons in a hydrogen ion
8%
# of endpoints of a line
3%
No matching quizzes found
Score Distribution
Percent of People with Each Score
Percentile by Number Answered
Your Score History
You have not taken this quiz